| 000 | 01061nam a22002417a 4500 | ||
|---|---|---|---|
| 005 | 20100806143913.0 | ||
| 010 | _aHIN-90032 | ||
| 020 |
_c1080.00 _a9788184840599 |
||
| 035 | _aHN-62378 | ||
| 037 | _bDBAD / PUB | ||
| 082 | _a309.263 091 724 | ||
| 100 |
_aजैन, कामिनी _911896 |
||
| 245 |
_aप्रसार एंव संचार विकास / _cकामिनी जैन |
||
| 246 |
_aParchar Aur Sanchar Vikas _bby Kamini Jain |
||
| 260 |
_aनई दिल्ली _bरीगल पब्लिकेशन्स _c2010 |
||
| 270 |
_aएफ-159, रजौरी गार्डन _bनई दिल्ली _e110027 _k011-45546396 |
||
| 300 |
_a223पृ _c25सेमी (सजिल्द) |
||
| 700 | _97228 | ||
| 700 | _97267 | ||
| 700 | _97698 | ||
| 942 |
_adpl _cHN _k _2ddc _mजैनका _h309.263 091 724 |
||
| 999 |
_c39804 _d39804 |
||